Honest ABE's guide to presidential elections / (Record no. 7795)

MARC details
000 -LEADER
fixed length control field 01195nam a22003017a 4500
001 - CONTROL NUMBER
control field 7795
003 - CONTROL NUMBER IDENTIFIER
control field FISKH
005 - DATE AND TIME OF LATEST TRANSACTION
control field 20250807095846.0
008 - FIXED-LENGTH DATA ELEMENTS--GENERAL INFORMATION
fixed length control field 250807b cb ||||| |||| 00| 0 eng d
020 ## - INTERNATIONAL STANDARD BOOK NUMBER
International Standard Book Number 9780545483292
040 ## - CATALOGING SOURCE
Original cataloging agency FISKH
Language of cataloging eng
Transcribing agency FISKH
Modifying agency FISKH
050 ## - LIBRARY OF CONGRESS CALL NUMBER
Classification number PZ7
082 ## - DEWEY DECIMAL CLASSIFICATION NUMBER
Classification number 324.973
100 ## - MAIN ENTRY--PERSONAL NAME
Personal name Silbert, Jack
245 ## - TITLE STATEMENT
Title Honest ABE's guide to presidential elections /
Statement of responsibility, etc. By Jack Silbert ; Illustrated by Jim Paillot
250 ## - EDITION STATEMENT
Edition statement This edition first published in 2012
260 ## - PUBLICATION, DISTRIBUTION, ETC.
Place of publication, distribution, etc. New York :
Name of publisher, distributor, etc. Scholastic,
Date of publication, distribution, etc. 2012
300 ## - PHYSICAL DESCRIPTION
Extent 32 pages :
Other physical details color illustrations ;
Dimensions 23 cm
505 ## - FORMATTED CONTENTS NOTE
Formatted contents note R<br/>
520 ## - SUMMARY, ETC.
Summary, etc. I'm President Abraham Lincoln, the sixteenth president of the United States. You can call me Honest Abe. Follow me and I'll tell you all about presidential elections. You'll learn who can run, how to vote, and how a winner is chosen. You'll get to know the political parties, the Electoral College, and so much more!"--Back cover.<br/>
521 8# - TARGET AUDIENCE NOTE
Target audience note 750<br/>
Source Lexile<br/>
521 8# - TARGET AUDIENCE NOTE
Target audience note R<br/>
Source Raz-Plus<br/>
650 ## - SUBJECT ADDED ENTRY--TOPICAL TERM
Source of heading or term American history
Topical term or geographic name entry element Informational
650 ## - SUBJECT ADDED ENTRY--TOPICAL TERM
Source of heading or term US history
Topical term or geographic name entry element Social studies
700 ## - ADDED ENTRY--PERSONAL NAME
Personal name Paillot, Jim
Dates associated with a name illustrator
942 ## - ADDED ENTRY ELEMENTS (KOHA)
Source of classification or shelving scheme Dewey Decimal Classification
Koha item type Books
Suppress in OPAC No
Holdings
Withdrawn status Lost status Source of classification or shelving scheme Damaged status Not for loan Collection Home library Current library Shelving location Date acquired Total Checkouts Full call number Barcode Date last seen Copy number Price effective from Koha item type
    Dewey Decimal Classification     Juvenile Fiction Footprints International School Library Network Toul Tom Poung Campus Footprints International School Library Network Toul Tom Poung Campus TTP Primary Orange Bookshelves 08/07/2025   SIL 324.973 PZ7 2025-3845 08/07/2025 1 08/07/2025 Books